| 000 | 00791cam a22002654a 4500 | ||
|---|---|---|---|
| 001 | 12747646 | ||
| 005 | 20180312081254.0 | ||
| 008 | 020419s2003 maua b 001 0 eng | ||
| 010 | _a 2002070050 | ||
| 020 | _a0072909412 | ||
| 020 | _a0071199004 (ISE) | ||
| 035 | _a(OCoLC)ocm49672715 | ||
| 040 |
_aDLC _cDLC _dC#P _dDLC |
||
| 041 | _aeng | ||
| 042 | _apcc | ||
| 080 | _a580 STE | ||
| 082 | 0 | 0 |
_a580 STE _221 |
| 100 | 1 | _a11 | |
| 101 | _aBIO | ||
| 245 | 1 | 0 |
_aIntroductory plant biology / _cKingsley R. Stern, Shelley Jansky, James E. Bidlack. |
| 504 | _aIncludes bibliographical references and index. | ||
| 906 |
_a7 _bcbc _corignew _d1 _eocip _f20 _gy-gencatlg |
||
| 942 |
_2ddc _cBK |
||
| 999 |
_c44735 _d44735 |
||